Datum a čas kvízu
33.5
Celkem bodů
Celkový počet nahraných bodů na tomto kvízu bez doplňovacích otázek.
1.
Pořadí na kvízu
Konečné umístění týmu na tomto kvízu.
Zaznamenané odpovědi
| # | Otázka | Odpověď | Body | Výsledky |
|---|---|---|---|---|
| 1. | Jeden myslivec šel v minulých... | tabák | 0 | |
| 2. | Britská premiérka Mayová souhl... | 31. října | 1 | |
| 3. | Deset koncertů a dost! Jak se... | Spirituál kvintet | 0 | |
| 4. | Strakonická firma, specializuj... | Moira | 1 | |
| 5. | Bývalý kapitán reprezentace On... | ve volejbale | 1 | |
| 6. | V tomto tématu se podíváme na... | Všechno bude, Zelená kniha | 1 | |
| 5. | V roce 1984 natočil režisér Wi... | Paříž, Texas | 0 | |
| 8. | Na komediální road movie Pařba... | Bangkok | 1 | |
| 5. | Road movie, v níž se dva bratř... | Charlie, Raymond | 0.5 | |
| 10. | Jistou formou road movies jsou... | v Argentině | 0 |